[Event "CAN/QC op"]
[Site "Montreal CAN"]
[Date "2002.07.14"]
[Round "3"]
[White "Clement, Michel"]
[Black "Gauthier, Denis"]
[Result "1/2-1/2"]
[WhiteElo "2091"]
[BlackElo "1883"]
[PlyCount "135"]
[EventDate "2002.07.13"]
[EventType "swiss"]
[EventRounds "9"]
[EventCountry "CAN"]

1. e4 c5 2. Nf3 e6 3. d4 cxd4 4. Nxd4 a6 5. Nc3 b5 6. Bd3 Qc7 7. O-O Nf6 8. Be3
Bb7 9. a3 d6 10. f3 Be7 11. Qd2 Nbd7 12. Rfd1 O-O 13. Qf2 Ne5 14. Nb3 Rac8 15.
Rac1 Ba8 16. Ne2 Nfd7 17. Qg3 Kh8 18. Kh1 Bf6 19. Qf2 Rfd8 20. Ng1 Qb8 21. Ne2
Nxd3 22. cxd3 Rxc1 23. Nexc1 Rc8 24. Na2 Ne5 25. h3 Bb7 26. Qd2 Qc7 27. Rc1 Qd7
28. f4 Nc6 29. Nb4 Nxb4 30. axb4 Rxc1+ 31. Qxc1 Qc6 32. Qxc6 Bxc6 33. Bd4 Be7
34. Bc3 Kg8 35. Kg1 Kf8 36. Kf2 f6 37. Nd4 Bd7 38. Ke3 Bd8 39. Nb3 Ke7 40. g4
g6 41. Bd4 h5 42. Kf3 hxg4+ 43. hxg4 e5 44. fxe5 fxe5 45. Be3 Ke6 46. g5 Ke7
47. Ke2 Be6 48. Na5 Kd7 49. Kd2 Bc7 50. Kc2 Bf7 51. Kd2 Bd8 52. Kc2 Be7 53. Bd2
d5 54. Nb3 dxe4 55. dxe4 Kc6 56. Na5+ Kc7 57. Nb3 Be6 58. Nc5 Bc8 59. Kd3 Kc6
60. Nb3 Bd8 61. Na5+ Kd7 62. Nb3 Kd6 63. Nc1 Be6 64. Kc2 Bb6 65. Nb3 Bc4 66.
Kc3 Bxb3 67. Kxb3 Bf2 68. Kc2 1/2-1/2

[Event "CAN/QC op"]
[Site "Montreal CAN"]
[Date "2002.07.14"]
[Round "3"]
[White "Desautels, Richard"]
[Black "Lacoix, Serge"]
[Result "0-1"]
[WhiteElo "1705"]
[BlackElo "2038"]
[PlyCount "88"]
[EventDate "2002.07.13"]
[EventType "swiss"]
[EventRounds "9"]
[EventCountry "CAN"]

1. d4 Nf6 2. c4 e6 3. Nf3 Bb4+ 4. Bd2 Qe7 5. e3 b6 6. Bd3 Bb7 7. O-O O-O 8. a3
Bxd2 9. Nbxd2 d6 10. Qc2 Nbd7 11. b4 e5 12. d5 Rae8 13. Bf5 g6 14. Bh3 Nh5 15.
Bxd7 Qxd7 16. a4 f5 17. Nb3 c6 18. Rad1 cxd5 19. cxd5 Nf6 20. a5 Rc8 21. Qa2
Ne4 22. Qb2 b5 23. Rc1 Rc4 24. Rxc4 bxc4 25. Nc1 Qa4 26. Re1 Bxd5 27. Ne2 Rb8
28. Nxe5 Qxb4 29. Qxb4 Rxb4 30. Nf3 Rb2 31. Nfd4 Ra2 32. f3 Nc5 33. Nc3 Nd3 34.
Nxa2 Nxe1 35. Nc3 Ba8 36. Ncb5 Nc2 37. Kf2 d5 38. Nxa7 Nb4 39. Nab5 Kf7 40. h4
Nd3+ 41. Kg3 h5 42. Nc2 Bc6 43. Nbd4 Bb7 44. f4 Kf6 0-1

[Event "CAN/QC op"]
[Site "Montreal CAN"]
[Date "2002.07.14"]
[Round "3"]
[White "Feoktistov, Dmitri"]
[Black "Balogh, Alex"]
[Result "1-0"]
[WhiteElo "2087"]
[BlackElo "1869"]
[PlyCount "86"]
[EventDate "2002.07.13"]
[EventType "swiss"]
[EventRounds "9"]
[EventCountry "CAN"]

1. d4 f5 2. c4 Nf6 3. Nc3 g6 4. g3 Bg7 5. Bg2 d6 6. Nf3 O-O 7. O-O Qe8 8. Re1
c6 9. Qb3 Kh8 10. e4 fxe4 11. Nxe4 Nxe4 12. Rxe4 Nd7 13. Bg5 e5 14. Rae1 Qf7
15. Rh4 Re8 16. Qa3 Qf8 17. Qd3 Qf5 18. Qe3 Nf8 19. dxe5 dxe5 20. Re4 Bd7 21.
Nxe5 Bxe5 22. Rxe5 Rxe5 23. Qxe5+ Qxe5 24. Rxe5 Re8 25. Rxe8 Bxe8 26. Be3 a6
27. Kf1 Kg8 28. Ke2 Kf7 29. Kd3 Ne6 30. Kc3 Ke7 31. Kb4 Kd7 32. Bh3 Bf7 33. f4
Kc7 34. f5 gxf5 35. Bxf5 h5 36. h4 b6 37. g4 hxg4 38. Bxg4 c5+ 39. Kc3 Ng7 40.
Bf4+ Kd8 41. Be5 Nh5 42. a4 a5 43. b3 Bg6 1-0

[Event "CAN/QC op"]
[Site "Montreal CAN"]
[Date "2002.07.14"]
[Round "3"]
[White "Fernandez, John"]
[Black "Newman, Doug"]
[Result "1-0"]
[WhiteElo "2133"]
[BlackElo "1921"]
[PlyCount "83"]
[EventDate "2002.07.13"]
[EventType "swiss"]
[EventRounds "9"]
[EventCountry "CAN"]

1. e4 d5 2. exd5 Qxd5 3. Nc3 Qe5+ 4. Qe2 Qxe2+ 5. Bxe2 Bf5 6. Nd5 Kd8 7. Ne3
Bg6 8. Nf3 Nf6 9. Ne5 e6 10. Bf3 c6 11. h4 Nbd7 12. Nxd7 Kxd7 13. d3 h6 14. Bd2
Bd6 15. Nc4 Bc7 16. Bc3 e5 17. O-O-O Ke6 18. Rhe1 Nd7 19. d4 f6 20. dxe5 Nxe5
21. Bg4+ Bf5 22. Bxf5+ Kxf5 23. Ne3+ Kg6 24. f4 Nf7 25. h5+ Kxh5 26. Rd7 Bxf4
27. Rxf7 Rhe8 28. Bd2 Kg6 29. Rd7 Re4 30. Rxg7+ Kxg7 31. Nf5+ Kg6 32. Nh4+ Kg5
33. Rxe4 Bxd2+ 34. Kxd2 Rd8+ 35. Ke2 f5 36. Nf3+ Kf6 37. Rd4 Re8+ 38. Kf2 Re7
39. Rd6+ Kg7 40. Nd4 Rf7 41. Ne6+ Kh7 42. Rd7 1-0

[Event "CAN/QC op"]
[Site "Montreal CAN"]
[Date "2002.07.14"]
[Round "3"]
[White "Fernandez, Lautaro"]
[Black "Mikanovic, Goran"]
[Result "1-0"]
[WhiteElo "2006"]
[BlackElo "2314"]
[PlyCount "75"]
[EventDate "2002.07.13"]
[EventType "swiss"]
[EventRounds "9"]
[EventCountry "CAN"]

1. e4 c5 2. Nf3 e6 3. d4 cxd4 4. Nxd4 Nc6 5. Nb5 d6 6. c4 Nf6 7. N1c3 a6 8. Na3
Be7 9. Be2 O-O 10. O-O Qc7 11. Be3 b6 12. f4 Bb7 13. Bf3 Rac8 14. g4 Na5 15. g5
Nd7 16. Rc1 Qb8 17. Qe2 Rfe8 18. Bg2 Bf8 19. Rf3 g6 20. Rh3 Bg7 21. Bf2 d5 22.
cxd5 exd5 23. e5 Nc4 24. Nxd5 Ndxe5 25. fxe5 Rxe5 26. Ne7+ Kf8 27. Qg4 Rxe7 28.
Rxc4 b5 29. Bxb7 Rxc4 30. Nxc4 Rc7 31. Na5 Rc1+ 32. Kg2 Rc2 33. Re3 Bxb2 34.
Qe4 Qc7 35. Qb4+ Kg7 36. Re8 Rxf2+ 37. Kxf2 Qxh2+ 38. Bg2 1-0

[Event "CAN/QC op"]
[Site "Montreal CAN"]
[Date "2002.07.14"]
[Round "3"]
[White "Gagnon, Michel"]
[Black "Nguyen, Kim"]
[Result "1/2-1/2"]
[WhiteElo "2212"]
[BlackElo "1988"]
[PlyCount "139"]
[EventDate "2002.07.13"]
[EventType "swiss"]
[EventRounds "9"]
[EventCountry "CAN"]

1. d4 Nf6 2. Nf3 g6 3. Bg5 Bg7 4. Nbd2 O-O 5. e4 d6 6. c3 Nbd7 7. b4 h6 8. Bh4
g5 9. Bg3 Nh5 10. Qc2 e5 11. dxe5 Nxg3 12. hxg3 g4 13. Nh4 Nxe5 14. Be2 Qf6 15.
Rc1 Re8 16. O-O Ng6 17. Nxg6 Qxg6 18. Bd3 Qg5 19. Rfe1 h5 20. Nc4 Re6 21. Qd2
Qxd2 22. Nxd2 Bh6 23. Rc2 Bd7 24. Nf1 d5 25. Rce2 dxe4 26. Rxe4 Rxe4 27. Rxe4
Re8 28. Rxe8+ Bxe8 29. c4 Kg7 30. f4 Kf6 31. Kf2 Bf8 32. Ne3 c6 33. a3 Bd7 34.
Be4 Be6 35. Ke2 Ke7 36. Kd3 Kd8 37. Bf5 Ke7 38. Ke4 Bg7 39. Bxe6 Kxe6 40. c5 b6
41. cxb6 axb6 42. f5+ Kd7 43. Nc4 Kc7 44. Ne5 f6 45. Nd3 Bh6 46. a4 Bd2 47. b5
cxb5 48. axb5 Kd6 49. Kd4 Kd7 50. Nf2 Bc1 51. Kd5 Be3 52. Ne4 Ke7 53. Kc6 Bd4
54. Kc7 Be3 55. Nc3 Bf2 56. Ne4 Be3 57. Kc6 Bd4 58. Kd5 Be3 59. Kc4 Bg1 60. Kd3
Kf7 61. Nc3 Kg7 62. Nd5 Bf2 63. Ke2 Bxg3 64. Nxb6 Kh6 65. Nd7 Kg5 66. b6 h4 67.
b7 h3 68. gxh3 gxh3 69. Kf3 h2 70. Kg2 1/2-1/2

[Event "CAN/QC op"]
[Site "Montreal CAN"]
[Date "2002.07.14"]
[Round "3"]
[White "Hua, Lefong"]
[Black "Jutras, Marc-Andre"]
[Result "1/2-1/2"]
[WhiteElo "2307"]
[BlackElo "1655"]
[PlyCount "116"]
[EventDate "2002.07.13"]
[EventType "swiss"]
[EventRounds "9"]
[EventCountry "CAN"]

1. c4 e5 2. Nc3 f5 3. g3 Nf6 4. Bg2 Bb4 5. d3 O-O 6. Qc2 d6 7. e3 c6 8. Nge2
Be6 9. O-O Bxc3 10. Qxc3 Nbd7 11. f4 Qe7 12. Bd2 h6 13. b4 Rab8 14. a4 g5 15.
b5 c5 16. Rae1 g4 17. e4 fxe4 18. dxe4 h5 19. f5 Bf7 20. Bg5 Nb6 21. Nf4 Kg7
22. a5 Nc8 23. Nd5 Bxd5 24. exd5 Qf7 25. Qd2 Rg8 26. Be4 Ne7 27. Bc2 Rh8 28.
Bh4 Neg8 29. b6 a6 30. Ba4 Kf8 31. Re2 Qg7 32. Kg2 Rd8 33. Qg5 Qxg5 34. Bxg5
Ke7 35. Bf4 Kf8 36. Bc1 Nh6 37. Bc2 Nf7 38. Rh1 Ke7 39. h4 Rdg8 40. Rhe1 Kd8
41. Bd2 Rg7 42. Kf2 Ke7 43. Ke3 Rhg8 44. Kd3 Rh8 45. Kc3 Rhg8 46. Ba4 Ra8 47.
Rb1 Rgg8 48. Bc1 Rab8 49. Ba3 Rgc8 50. Rd1 Ra8 51. Bc1 Rg8 52. Kb2 Rac8 53. Ka2
Ra8 54. Ba3 Rgc8 55. Bc6 Rab8 56. Ba4 Ra8 57. Re3 Rab8 58. Rde1 Rd8 1/2-1/2

[Event "CAN/QC op"]
[Site "Montreal CAN"]
[Date "2002.07.14"]
[Round "3"]
[White "Khassanov, Marat"]
[Black "Ng, Gary"]
[Result "1-0"]
[WhiteElo "2375"]
[BlackElo "1979"]
[PlyCount "101"]
[EventDate "2002.07.13"]
[EventType "swiss"]
[EventRounds "9"]
[EventCountry "CAN"]

1. e4 b6 2. d4 Bb7 3. Nc3 e6 4. a3 Nf6 5. Bg5 h6 6. Bxf6 Qxf6 7. Nf3 d5 8. Bb5+
c6 9. Be2 Nd7 10. Qd2 dxe4 11. Nxe4 Qd8 12. O-O-O Nf6 13. Nxf6+ Qxf6 14. Kb1
O-O-O 15. Qe3 Bd6 16. Ne5 Bxe5 17. dxe5 Qe7 18. Qg3 Qg5 19. Qc3 Rxd1+ 20. Rxd1
Rd8 21. g3 Rxd1+ 22. Bxd1 Qd8 23. Bf3 Qc7 24. h4 c5 25. h5 Bxf3 26. Qxf3 Qb7
27. Qe2 Qh1+ 28. Ka2 Qd5+ 29. b3 Kb7 30. f4 g6 31. hxg6 fxg6 32. Qg4 Qe4 33.
Kb2 Qf5 34. Qh4 h5 35. Qe7+ Kb8 36. Qd6+ Kb7 37. Qd7+ Kb8 38. Qd8+ Kb7 39. Qd7+
Kb8 40. a4 Qg4 41. a5 bxa5 42. Qb5+ Kc7 43. Qxc5+ Kb7 44. Qb5+ Kc7 45. Qxa5+
Kb7 46. Qb5+ Kc7 47. Qd3 h4 48. Qd6+ Kb7 49. Qe7+ Kc6 50. gxh4 Kd5 51. Qg5 1-0

[Event "CAN/QC op"]
[Site "Montreal CAN"]
[Date "2002.07.14"]
[Round "3"]
[White "Laurin, Jacques"]
[Black "Beaulieu, Eric"]
[Result "0-1"]
[WhiteElo "1948"]
[BlackElo "2221"]
[PlyCount "90"]
[EventDate "2002.07.13"]
[EventType "swiss"]
[EventRounds "9"]
[EventCountry "CAN"]

1. c4 e5 2. g3 Nf6 3. Bg2 d5 4. cxd5 Nxd5 5. Nc3 Be6 6. d3 Nc6 7. Bd2 Be7 8.
Nh3 O-O 9. Qc1 f6 10. f4 Nd4 11. e3 Nb4 12. O-O Nxd3 13. Qb1 Nc6 14. f5 Bf7 15.
Rd1 Nc5 16. Be1 Nd7 17. Nd5 Bd6 18. Qc1 Rb8 19. b4 Ne7 20. Qc2 Nxd5 21. Bxd5
Bxd5 22. Rxd5 Nb6 23. Rd3 Qe7 24. Qb3+ Qf7 25. Qc2 Qh5 26. Qb3+ Kh8 27. Nf2
Qxf5 28. e4 Qg6 29. g4 Qf7 30. Qd1 Rfd8 31. Qf3 Nd7 32. Rad1 Nf8 33. g5 Ne6 34.
Bd2 Nd4 35. Qg4 fxg5 36. Nh3 Qe6 37. Qxe6 Nxe6 38. Bxg5 Rf8 39. a3 Nxg5 40.
Nxg5 Rf4 41. Ne6 Rxe4 42. Rf3 Re8 43. Rf7 Rg4+ 44. Kh1 Kg8 45. Nxc7 Kxf7 0-1

[Event "CAN/QC op"]
[Site "Montreal CAN"]
[Date "2002.07.14"]
[Round "3"]
[White "MacLeod, Steven"]
[Black "Godbout, Mathieu"]
[Result "1-0"]
[WhiteElo "2070"]
[BlackElo "1681"]
[PlyCount "55"]
[EventDate "2002.07.13"]
[EventType "swiss"]
[EventRounds "9"]
[EventCountry "CAN"]

1. c4 Nf6 2. g3 c5 3. Bg2 Nc6 4. Nc3 g6 5. a3 Bg7 6. Rb1 d6 7. b4 cxb4 8. axb4
e6 9. Nh3 a6 10. Nf4 O-O 11. O-O Qc7 12. Qc2 Bd7 13. e3 Ne5 14. d3 Bc6 15. e4
b5 16. c5 dxc5 17. bxc5 Rfd8 18. Rd1 Bb7 19. d4 Nc6 20. d5 exd5 21. exd5 Ne5
22. d6 Qc8 23. Ncd5 Nxd5 24. Nxd5 Bxd5 25. Bxd5 Nc6 26. Qe4 Re8 27. Qg2 Qg4 28.
Be3 1-0

[Event "CAN/QC op"]
[Site "Montreal CAN"]
[Date "2002.07.14"]
[Round "3"]
[White "Mayo, Alvah"]
[Black "Lipnowski, Michael"]
[Result "1/2-1/2"]
[WhiteElo "2119"]
[BlackElo "1856"]
[PlyCount "164"]
[EventDate "2002.07.13"]
[EventType "swiss"]
[EventRounds "9"]
[EventCountry "CAN"]

1. e4 c5 2. Nc3 Nc6 3. f4 e6 4. Nf3 d6 5. Bb5 Bd7 6. O-O a6 7. Bxc6 Bxc6 8. d3
Nf6 9. e5 dxe5 10. fxe5 Nd7 11. Bf4 Be7 12. Nd2 Qc7 13. Qe2 O-O 14. Rae1 b5 15.
Qg4 Kh8 16. Re3 Rfd8 17. Rh3 Nf8 18. Bg3 Be8 19. Nce4 c4 20. dxc4 bxc4 21. Nf3
Qb6+ 22. Kh1 Qxb2 23. c3 Qc2 24. Nd4 Rxd4 25. cxd4 Rd8 26. Bf2 Qxa2 27. Bg1 Rd7
28. Nf6 gxf6 29. exf6 Bxf6 30. Rxf6 Qb2 31. Rg3 Ng6 32. Rff3 Rd5 33. Rh3 Qd2
34. Rfg3 Ra5 35. Qf3 Ra1 36. Rxg6 Rxg1+ 37. Kxg1 Qe1+ 38. Qf1 Qxf1+ 39. Kxf1
fxg6 40. Re3 Bd7 41. Kf2 Kg7 42. d5 Kf6 43. dxe6 Bxe6 44. Ra3 Bf5 45. Ke3 h5
46. Kd4 Bd3 47. Rxa6+ Kf5 48. Ra8 Ke6 49. Re8+ Kf5 50. Ke3 Kf6 51. Ra8 Ke5 52.
Ra5+ Kf6 53. Rc5 Ke6 54. Kd4 Kf6 55. Re5 Bf1 56. g3 Bd3 57. Rc5 Ke6 58. Ke3 Kd6
59. Rg5 Ke6 60. Kd4 Kf6 61. Re5 Bf1 62. Re3 Bd3 63. Rf3+ Ke6 64. h3 Kd6 65.
Rf6+ Ke7 66. Rc6 Kd7 67. Rb6 Ke7 68. Ra6 Kd7 69. Ke5 Kc7 70. Kd5 Kb7 71. Ra3
Bf1 72. h4 Bd3 73. Kd6 Kb6 74. Rc3 Kb5 75. Kd5 Kb4 76. Kd4 Bf1 77. Rf3 Bd3 78.
Rxd3 cxd3 79. Kxd3 Kc5 80. Ke4 Kd6 81. Kf4 Ke6 82. Kg5 Kf7 1/2-1/2

[Event "CAN/QC op"]
[Site "Montreal CAN"]
[Date "2002.07.14"]
[Round "3"]
[White "McDonough, Jonathan"]
[Black "Cuartas, Carlos"]
[Result "0-1"]
[WhiteElo "2003"]
[BlackElo "2343"]
[PlyCount "106"]
[EventDate "2002.07.13"]
[EventType "swiss"]
[EventRounds "9"]
[EventCountry "CAN"]

1. d4 Nf6 2. c4 g6 3. g3 Bg7 4. Bg2 O-O 5. Nc3 d6 6. Nf3 Nc6 7. O-O a6 8. b3
Rb8 9. Bb2 b5 10. cxb5 axb5 11. Ne1 Bd7 12. Qd2 b4 13. Nd5 Nxd5 14. Bxd5 Na7
15. Bg2 c6 16. Nd3 Qb6 17. e3 Rfc8 18. Rfc1 Bf5 19. Rc4 Bxd3 20. Qxd3 d5 21.
Rc2 Nb5 22. Qd2 Nd6 23. Rac1 e6 24. Qe1 Qa6 25. Ra1 Qb6 26. Rac1 Ra8 27. Ba1 f5
28. f3 Ra6 29. Qf2 Raa8 30. Qe1 Rc7 31. Re2 Rac8 32. Rec2 c5 33. dxc5 Rxc5 34.
Rxc5 Rxc5 35. Bxg7 Kxg7 36. Bf1 e5 37. Kg2 Qc7 38. Rxc5 Qxc5 39. Qe2 h5 40. h4
e4 41. Kf2 d4 42. exd4 Qxd4+ 43. Qe3 Qxe3+ 44. Kxe3 exf3 45. Kxf3 Kf6 46. Bc4
Ne4 47. Bg8 Nc3 48. Ke3 Nxa2 49. Kd4 g5 50. Bh7 Nc3 51. Kc4 Ne4 52. Kxb4 Nxg3
53. hxg5+ Kxg5 0-1

[Event "CAN/QC op"]
[Site "Montreal CAN"]
[Date "2002.07.14"]
[Round "3"]
[White "Nuschke, Alex"]
[Black "Bolduc, Steve"]
[Result "0-1"]
[WhiteElo "1682"]
[BlackElo "2268"]
[PlyCount "70"]
[EventDate "2002.07.13"]
[EventType "swiss"]
[EventRounds "9"]
[EventCountry "CAN"]

1. e4 c5 2. Nf3 Nc6 3. Bb5 Nd4 4. Nxd4 cxd4 5. c3 Qb6 6. Ba4 g6 7. d3 Bg7 8.
O-O e6 9. c4 Ne7 10. a3 a5 11. Qc2 O-O 12. c5 Qc7 13. Bg5 f6 14. Bh4 d6 15. Bg3
e5 16. Rc1 Be6 17. cxd6 Qxd6 18. Bb3 Rfc8 19. Bxe6+ Qxe6 20. Qd1 Rxc1 21. Qxc1
Rc8 22. Qd1 Qb6 23. Nd2 Bh6 24. Nc4 Qa6 25. Qb3 a4 26. Qb4 b5 27. Nxe5 Bf8 28.
Nf3 Nc6 29. Qd2 Na5 30. Rc1 Nb3 31. Rxc8 Nxd2 32. Rxf8+ Kxf8 33. Nxd2 Qc6 34.
h3 Qc1+ 35. Nf1 Ke7 0-1

[Event "CAN/QC op"]
[Site "Montreal CAN"]
[Date "2002.07.14"]
[Round "3"]
[White "Rosenberg, Evan"]
[Black "Ochkoos, Jura"]
[Result "1/2-1/2"]
[WhiteElo "2000"]
[BlackElo "2251"]
[PlyCount "67"]
[EventDate "2002.07.13"]
[EventType "swiss"]
[EventRounds "9"]
[EventCountry "CAN"]

1. d4 d5 2. Bg5 f6 3. Bf4 f5 4. c4 e6 5. Nc3 Nf6 6. e3 Be7 7. Rc1 c6 8. Bd3 O-O
9. Nge2 dxc4 10. Bxc4 Nd5 11. Qd2 Nd7 12. O-O N7f6 13. f3 Kh8 14. Rcd1 Nh5 15.
Nxd5 exd5 16. Bd3 Nxf4 17. Nxf4 Bd6 18. g3 g5 19. Ng2 Be6 20. Qc2 Qf6 21. Qc3
Qg7 22. e4 Bc7 23. e5 f4 24. g4 Bb6 25. Rf2 Qe7 26. b4 a5 27. a3 axb4 28. axb4
Ra4 29. Rb1 Rfa8 30. Rfb2 Qf7 31. Kf1 Kg7 32. Re1 h5 33. Bf5 Ra3 34. Rb3
1/2-1/2

[Event "CAN/QC op"]
[Site "Montreal CAN"]
[Date "2002.07.14"]
[Round "3"]
[White "Trahan, Daniel"]
[Black "Sarwer, Jeff"]
[Result "0-1"]
[WhiteElo "1986"]
[BlackElo "2336"]
[PlyCount "88"]
[EventDate "2002.07.13"]
[EventType "swiss"]
[EventRounds "9"]
[EventCountry "CAN"]

1. e4 Nc6 2. d4 e5 3. d5 Nce7 4. c4 Ng6 5. Nc3 Bc5 6. Nf3 Nf6 7. Bd3 O-O 8. O-O
a5 9. Ne2 Nh5 10. Ng3 Nxg3 11. hxg3 d6 12. Qe2 Bg4 13. Be3 b6 14. b3 Qd7 15.
Bxc5 bxc5 16. Qe3 f5 17. exf5 Bxf5 18. Ng5 Bxd3 19. Qxd3 Qg4 20. Ne6 Rf7 21.
Rae1 Nf8 22. Nxf8 Rfxf8 23. Qe4 Qxe4 24. Rxe4 a4 25. Re2 axb3 26. axb3 g5 27.
Rb2 Rab8 28. Rfb1 Rb4 29. Kf1 Kg7 30. Ke2 Kg6 31. Kd3 h5 32. Rh1 Ra8 33. Kc3
Rb7 34. Rbb1 Rba7 35. Rb2 g4 36. Rhb1 Kf5 37. Kd3 Ra1 38. Ke3 e4 39. Rxa1 Rxa1
40. f3 exf3 41. gxf3 Rc1 42. f4 Rc3+ 43. Kf2 h4 44. gxh4 Kxf4 0-1

[Event "CAN/QC op"]
[Site "Montreal CAN"]
[Date "2002.07.14"]
[Round "3"]
[White "Vaillancourt, Luc"]
[Black "Chow, Vincent"]
[Result "1/2-1/2"]
[WhiteElo "1897"]
[BlackElo "2189"]
[PlyCount "67"]
[EventDate "2002.07.13"]
[EventType "swiss"]
[EventRounds "9"]
[EventCountry "CAN"]

1. e4 c6 2. d3 g6 3. Nf3 Bg7 4. g3 Nf6 5. Bg2 O-O 6. O-O d6 7. c3 e5 8. Re1 Re8
9. Nbd2 Nbd7 10. a4 d5 11. Qc2 dxe4 12. Nxe4 Nxe4 13. dxe4 Qe7 14. Be3 Nb6 15.
c4 c5 16. Red1 Be6 17. b3 f6 18. Nd2 Rad8 19. Rac1 Nd7 20. Nb1 f5 21. f3 Rf8
22. Nc3 f4 23. Bf2 fxg3 24. hxg3 g5 25. Nd5 Qf7 26. g4 h5 27. Rf1 b6 28. Be3
Bh6 29. Bh3 Nb8 30. Qg2 h4 31. Qd2 Qg7 32. Bg2 Nc6 33. Rf2 Bxd5 34. cxd5
1/2-1/2

[Event "CAN/QC op"]
[Site "Montreal CAN"]
[Date "2002.07.14"]
[Round "3"]
[White "Vallieres, Mario"]
[Black "Schleifer, Michael"]
[Result "1/2-1/2"]
[WhiteElo "2024"]
[BlackElo "2362"]
[PlyCount "30"]
[EventDate "2002.07.13"]
[EventType "swiss"]
[EventRounds "9"]
[EventCountry "CAN"]

1. d4 Nf6 2. Nc3 d5 3. Bg5 Nbd7 4. f3 h6 5. Bh4 c5 6. e4 cxd4 7. Bxf6 dxc3 8.
Bxc3 dxe4 9. fxe4 e5 10. Nf3 Bc5 11. Qe2 Qb6 12. O-O-O O-O 13. h3 Bb4 14. Bxb4
Qxb4 15. Qc4 Qb6 1/2-1/2

[Event "CAN/QC op"]
[Site "Montreal CAN"]
[Date "2002.07.14"]
[Round "3"]
[White "Voskanyan, Vahagn"]
[Black "Legky, Nikolay"]
[Result "1/2-1/2"]
[WhiteElo "2359"]
[BlackElo "2465"]
[PlyCount "41"]
[EventDate "2002.07.13"]
[EventType "swiss"]
[EventRounds "9"]
[EventCountry "CAN"]

1. Nf3 d5 2. d4 Nf6 3. c4 dxc4 4. e3 e6 5. Bxc4 c5 6. Nc3 Nc6 7. O-O Be7 8. a3
O-O 9. dxc5 Bxc5 10. b4 Bd6 11. Nb5 Bb8 12. Qxd8 Rxd8 13. Bb2 a6 14. Nbd4 Bd7
15. Rfd1 Nxd4 16. Nxd4 Ba7 17. Nb3 Kf8 18. Rac1 Rac8 19. h3 Ne8 20. Bf1 Rxc1
21. Bxc1 1/2-1/2

[Event "CAN/QC op"]
[Site "Montreal CAN"]
[Date "2002.07.14"]
[Round "3"]
[White "Xia, Angel"]
[Black "Morin, Louis"]
[Result "0-1"]
[WhiteElo "1765"]
[BlackElo "1864"]
[PlyCount "86"]
[EventDate "2002.07.13"]
[EventType "swiss"]
[EventRounds "9"]
[EventCountry "CAN"]

1. e4 e5 2. Nf3 d6 3. d4 Nf6 4. Nc3 Nbd7 5. Bc4 Be7 6. O-O O-O 7. h3 c6 8. Re1
b5 9. Bb3 a6 10. a4 Bb7 11. Bg5 h6 12. Bxf6 Bxf6 13. d5 b4 14. dxc6 bxc3 15.
cxb7 Rb8 16. bxc3 Qc7 17. Bd5 Qxc3 18. a5 Qc7 19. Qe2 Nc5 20. Reb1 Bd8 21. Nh2
Nxb7 22. Rb6 Nxa5 23. Rxa6 Qc3 24. Qe1 Qxc2 25. R6xa5 Bxa5 26. Qxa5 Kh8 27. Ng4
f5 28. Ne3 Rb1+ 29. Kh2 Rxa1 30. Qxa1 Qxf2 31. Nxf5 Qf4+ 32. Kg1 Rc8 33. Nxd6
Rc1+ 34. Qxc1 Qxc1+ 35. Kh2 Kh7 36. Nf7 Qf4+ 37. Kg1 Kg6 38. Nd6 Qc1+ 39. Kh2
Kg5 40. Nf7+ Kf4 41. Nd6 Ke3 42. Bf7 Kf2 43. Bh5 Qg1# 0-1

[Event "CAN/QC op"]
[Site "Montreal CAN"]
[Date "2002.07.14"]
[Round "3"]
[White "Zafirov, Stephane"]
[Black "Moisan-Plante, Marc-Olivier"]
[Result "1-0"]
[WhiteElo "1925"]
[BlackElo "2118"]
[PlyCount "74"]
[EventDate "2002.07.13"]
[EventType "swiss"]
[EventRounds "9"]
[EventCountry "CAN"]

1. e4 e5 2. Nf3 Nc6 3. Bc4 Nf6 4. Ng5 d5 5. exd5 Na5 6. Bb5+ c6 7. dxc6 bxc6 8.
Be2 h6 9. Nh3 g5 10. Nc3 Bg7 11. Ng1 O-O 12. d3 Rb8 13. Nf3 Qe7 14. O-O Nd5 15.
Bd2 Nb7 16. Rb1 Nc5 17. d4 exd4 18. Nxd5 cxd5 19. a3 Re8 20. Re1 Qf6 21. Rf1
Bg4 22. Bb4 Bxf3 23. Bxf3 Ne4 24. Qd3 Qg6 25. h3 h5 26. Qd1 h4 27. Re1 f5 28.
Bh5 Qb6 29. Bxe8 Rxe8 30. Qd3 g4 31. Re2 Be5 32. Rf1 Kh8 33. Be1 Rg8 34. f3 Bb8
35. fxe4 dxe4 36. Qb3 Qd6 37. g3 hxg3 1-0

[Event "CAN/QC op"]
[Site "Montreal CAN"]
[Date "2002.07.14"]
[Round "3.84"]
[White "Strojevs, Alexander"]
[Black "Verma, Tony"]
[Result "0-1"]
[WhiteElo "1815"]
[BlackElo "1799"]
[PlyCount "76"]
[EventDate "2002.07.13"]
[EventType "swiss"]
[EventRounds "9"]
[EventCountry "CAN"]

1. d4 d5 2. c4 e6 3. Nc3 Nf6 4. Nf3 Nc6 5. e3 Bb4 6. Bd3 O-O 7. O-O Bxc3 8.
bxc3 b6 9. cxd5 Nxd5 10. Qc2 h6 11. e4 Nf6 12. Bf4 Bb7 13. Qd2 Ne7 14. Rfe1 Ng6
15. Ne5 Nxf4 16. Qxf4 Rc8 17. g4 c5 18. Rad1 Qe7 19. Qe3 cxd4 20. cxd4 Rfd8 21.
g5 hxg5 22. Bb1 Qb4 23. Qd2 Qxd2 24. Rxd2 Nh5 25. f3 Nf4 26. Kf2 f6 27. Ng4 Kf7
28. Ne3 Rh8 29. Rh1 Rcd8 30. Ng2 Ng6 31. Ke3 Rh3 32. Rc2 Rd7 33. a3 g4 34. Ne1
Nh4 35. Rf1 f5 36. Ba2 fxe4 37. Kf4 Nxf3 38. Kxg4 Rh4+ 0-1

[Event "CAN/QC op"]
[Site "Montreal CAN"]
[Date "2002.07.15"]
[Round "4"]
[White "Balogh, Alex"]
[Black "Brodie, Hugh"]
[Result "1/2-1/2"]
[WhiteElo "1869"]
[BlackElo "1902"]
[PlyCount "65"]
[EventDate "2002.07.13"]
[EventType "swiss"]
[EventRounds "9"]
[EventCountry "CAN"]

1. c4 f5 2. d4 e6 3. g3 Nf6 4. Bg2 d5 5. Nf3 c6 6. O-O Bd6 7. b3 Qe7 8. Bb2 O-O
9. Nbd2 Nbd7 10. Ne5 Ne4 11. Ndf3 f4 12. Nd2 Nxd2 13. Qxd2 fxg3 14. hxg3 Qf6
15. Nxd7 Bxd7 16. e4 dxe4 17. Bxe4 Rad8 18. Rae1 Qf7 19. Qd3 g6 20. Bc3 Be7 21.
Qe3 Bf6 22. Rd1 Bc8 23. Bg2 Qg7 24. Ba1 Rfe8 25. Rfe1 Re7 26. Bh3 Rde8 27. Bg2
Rd8 28. b4 Rde8 29. a3 Qf7 30. Qb3 Rd8 31. Qe3 Rde8 32. Qb3 Rd8 33. Qe3 1/2-1/2

[Event "CAN/QC op"]
[Site "Montreal CAN"]
[Date "2002.07.15"]
[Round "4"]
[White "Barsov, Alexei"]
[Black "Voskanyan, Vahagn"]
[Result "1-0"]
[WhiteElo "2501"]
[BlackElo "2359"]
[PlyCount "73"]
[EventDate "2002.07.13"]
[EventType "swiss"]
[EventRounds "9"]
[EventCountry "CAN"]

1. d4 Nf6 2. c4 e6 3. Nc3 d5 4. cxd5 exd5 5. Bg5 Be7 6. e3 Nbd7 7. Bd3 O-O 8.
Nge2 Re8 9. O-O c6 10. Qc2 Nf8 11. f3 Nh5 12. Bxe7 Qxe7 13. e4 dxe4 14. fxe4
Qg5 15. e5 Be6 16. Ne4 Qe3+ 17. Kh1 Ng6 18. Nd6 Re7 19. Nf5 Bxf5 20. Bxf5 Nf8
21. g4 g6 22. gxh5 gxf5 23. Rf4 Ne6 24. Rg1+ Kf8 25. Rg3 Nxd4 26. Rxd4 Qxe5 27.
Rg2 Rae8 28. Qd2 Qf6 29. Rd3 Re4 30. Rdg3 Rg4 31. Rxg4 fxg4 32. Qb4+ Qe7 33.
Qxg4 Qe6 34. b3 h6 35. Qg8+ Ke7 36. Qg7 a6 37. Ng1 1-0

[Event "CAN/QC op"]
[Site "Montreal CAN"]
[Date "2002.07.15"]
[Round "4"]
[White "Beaulieu, Eric"]
[Black "Nogueiras, Jesus"]
[Result "1/2-1/2"]
[WhiteElo "2221"]
[BlackElo "2587"]
[PlyCount "60"]
[EventDate "2002.07.13"]
[EventType "swiss"]
[EventRounds "9"]
[EventCountry "CAN"]

1. d4 Nf6 2. c4 Nc6 3. Nf3 e6 4. Nc3 Bb4 5. Qc2 d6 6. a3 Bxc3+ 7. Qxc3 a5 8. b3
O-O 9. g3 Qe7 10. Bg2 e5 11. d5 Nd8 12. Nd2 Ne8 13. e4 f5 14. exf5 Bxf5 15. Ne4
Nf6 16. Nxf6+ Qxf6 17. O-O Nf7 18. Qe3 Qg6 19. Bd2 b6 20. Rfe1 Rae8 21. b4 a4
22. Rac1 h6 23. c5 bxc5 24. bxc5 Rb8 25. Bb4 Qh5 26. cxd6 cxd6 27. Rc6 Rbd8 28.
Bf3 Qg6 29. h4 e4 30. h5 Qh7 1/2-1/2